| 000 | 00000nas##2200000za#4500 |
| 001 | 9.511472 |
| 003 | CaOODSP |
| 005 | 20200519155507 |
| 007 | ta |
| 008 | 150406c2004||||xxc|| p #||||f| |0eng|d |
| 040 | |aCaOODSP|beng |
| 041 | |aeng |
| 041 | |afre |
| 043 | |an-cn--- |
| 086 | 1 |aNS1-19 |
| 110 | 2 |aNatural Sciences and Engineering Research Council of Canada. |
| 245 | 10|aCanada Research Chairs briefing report to the Minister |
| 260 | |aOttawa - Ontario : |bNatural Sciences and Engineering Research Council |
| 310 | |aAnnual |
| 362 | 1 |aJanuary 2002 to March 2003 -- |
| 563 | |aSpiral binding |
| 690 | 07|aScientific research|2gcpds |
| 776 | 0#|tProgramme des coûts indirects, rapport au ministre |w(CaOODSP)9.501804 |
| 776 | 0#|tIndirect Costs Program, briefing report to the Minister |w(CaOODSP)9.505405 |
| 792 | |tChaires de recherche du Canada, rapport de synthèse au ministre |efre|w(CaOODSP)9.511473 |